000 00536nam a2200193Ia 4500
005 20250508151434.0
008 008 250505s9999 xx 000 0 eng d
037 _aTextual
040 _aFEDL
_beng
_cFEDL
041 _aeng
_2eng
084 _a370.7, OGR
_qFEDL
100 _aOgren Gustaf
_9759128
245 0 _aTrends in english teachers' training from 1800 : A survey and an investigation
260 _c1953
300 _a213p.
650 _aEducation
942 _cTEXL
_h370.7, OGR
999 _c1329799
_d1329799